000 00690nam a22001697a 4500
005 20250218101442.0
008 250218b |||||||| |||| 00| 0 eng d
082 _22024
_aUT
100 _aDacer, Princess Chatty
_965458
245 _aGas price fluctuation:
_bA Quantitative study of cost of corn products main feed ingredient /
_cPrincess Chatty Dacer, James Clairemont M. Relatado, and Joshua C. Relativo
260 _aDigos City :
_bUMDC,
_c©March 2024.
300 _aviii, 30 pages :
_billustration ( some colors) ;
_c29 cm.
500 _aincludes references and appendices.
700 _aRelatado, James Clairemont M.
_965459
700 _a Relativo, Joshua C.
_965460
942 _2ddc
_cUT
999 _c23490
_d23490